000 01098nam a2200265Ia 4500
003 GCL
005 20240530103230.0
008 140319s9999 xx 000 0 ara d
040 _aGCL /
_cGCL
082 0 4 _a413.1
_bت ك
100 1 _aمحمد على الفاروقى التهانوى
245 1 0 _aكشاف اصطلاحات الفنون /
_cتاليف محمد على الفاروقى التهانوى ؛ محقق لطفى عبدالبديع ؛ مترجم عبدالنعيم محمد حسنين
260 _aالقاهرة :
_bمكتبة النهضة المصرية ،
_c1973
260 _aالقاهرة :
_bالمؤسسة المصرية العامة للتاليف والنشر ،
_c1973
300 _a336 ص؛
_b24 سم
490 _aتراثنا
_v0
650 0 4 _aالمصطلحات
650 0 4 _aالدلالة
650 0 4 _aالفنون - مصطلحات
650 0 4 _aاللغة العربية - المعاجم
700 1 _aامين الخولى
700 1 _aالتهانوى, محمد بن على بن القاض
700 1 _aعبدالنور خليل
942 _2ddc
_cBK
999 _c37761
_d37761